000 00410nam a2200145Ia 4500
008 220501s2021 xx 000 0 eng d
020 _a9789390168408
082 _a658.4012 UPP-H
100 _aUppal, Nishant
245 0 _aHuman Resource Analytics: strategic decision making
_cNishant Uppal
260 _bPearson
_c2021
300 _axiv, 348p.
650 _aHuman Resource - Analytics
942 _2ddc
_cBK
_04
999 _c18284
_d18284